00716 2200181 4500001002100000005001500021035002000036245003800056100001700094250001700111300002800128260003100156082000800187084001400195020002200209650001500231520028800246INLIS00000000000001620240318060943 a0010-03240000161 aDuni Bisa Terbang /cLiza Erfiana0 aLiza Erfiana acetakan ke-1 a80 hlm :bilus ;c24 cm aSolo :bTiga Ananda,c2017 a813 a813 LIZ d a978-602-366-241-8 4aFiksi Anak aWuss.... Duni sekarang bisa terbang! Duni adalah sebuah permadani yang ada di rumah Pak Danu. Dia tinggal di sana bersama teman-teman yang lain. Ada Miwuja meja, Bufeto bufet, Tosi tas, dan masih banyak lagi. Duni ternyata ingin jalan-jalan keluar dan menikmati suasana yang baru.